[Event "EU Union-ch U10"]
[Site "Roznov pod Radhostem"]
[Date "2024.08.10"]
[Round "6"]
[White "Malcheva, Niya"]
[Black "Lobina, Thomas"]
[Result "0-1"]
[WhiteElo "1551"]
[BlackElo "1793"]
[PlyCount "70"]
[EventDate "2024.08.05"]
[EventType "swiss"]
[EventRounds "9"]
[EventCountry "CZE"]
[SourceTitle "EXT 2025"]
[Source "ChessBase"]
[SourceDate "2024.10.14"]
[SourceVersion "1"]
[SourceVersionDate "2024.10.14"]
[SourceQuality "1"]

1. e4 c5 2. Nc3 Nc6 3. Bb5 Nd4 4. Nf3 g6 5. Nxd4 cxd4 6. Ne2 Bg7 7. d3 Qa5+ 8. Bd2 Qxb5 9. a3 d6 10. h3 e5 11. 0-0 Be6 12. b3 Ne7 13. Bb4 Qd7 14. a4 0-0 15. f4 f5 16. Qd2 Rf7 17. Rf2 Bh6 18. Raf1 Raf8 19. Rf3 a6 20. Qc1 fxe4 21. dxe4 d5 22. exd5 Bxd5 23. R3f2 Rc8 24. Qa3 Rxc2 25. Kh2 d3 26. Nc3 Rxf2 27. Rxf2 Bxf4+ 28. g3 Bg5 29. Rxf7 Kxf7 30. Nxd5 Nxd5 31. Bc5 b6 32. Bf2 d2 33. Qa1 Nc3 34. Qxc3 d1Q 35. Qxe5 Q1d2 0-1